| 000 | 01276nam a2200265 a 4500 | ||
|---|---|---|---|
| 999 |
_c29490 _d29490 |
||
| 001 | 29490 | ||
| 003 | Mx-PuUPA | ||
| 005 | 20240626105651.0 | ||
| 008 | 140415s1990 sp 000 0 spa d | ||
| 020 | _a9680456674 | ||
| 040 | _cMx-PuUPA | ||
| 041 | _aspa | ||
| 082 |
_a658.4094 _bCOV |
||
| 100 | 1 |
_aCovey, Stephen R., _d1932-2012 _eautor _92440 |
|
| 245 | 1 | 4 |
_aLos 7 hábitos de la gente altamente efectiva : _bla revolución ética en la vida cotidiana y en la empresa. |
| 250 | _aNueva edición revisada y ampliada | ||
| 260 |
_aEspaña : _bPaidos, _c1990. |
||
| 300 |
_a380 páginas ; _c21 cm. |
||
| 336 |
_atexto _2rdacontent |
||
| 337 |
_asin mediación _2rdamedia |
||
| 338 |
_avolumen _2rdacarrier |
||
| 520 | _aDESDE 1991 EN LA LISTA SEMANAL DE LIBROS MÁS VENDIDOS DEL PUBLISHERS WEEKLY (Y A MENUDO ENCABEZÁNDOLA), ESTE INDISCUTIBLE BEST-SELLER SE MERECÍA UNA PUESTA AL DÍA, Y ESO ES LO QUE HA HECHO SU AUTOR CON ESTA NUEVA EDICIÓN: LA ESTRUCTURA GENERAL NO CAMBIA -HUBIERA RESULTADO ABSURDO, DADO SU ALTO GRADO DE EFECTIVIDAD-, SÓLO SE AMPLÍA, SE EXTIENDE HACIA NUEVOS TEMAS Y DETALLES QUE EL LECTOR SIN DUDA AGRADECERÁ. EL PUNTO DE PARTIDA GENERAL, PUES, SIGUE SIENDO EL MISMO: EL HECHO INELUDIBLE D | ||
| 650 | 1 | 4 | _aAdministración |
| 942 |
_2ddc _cLI |
||